The Selling of Real Estate (Record no. 1971)

MARC details
000 -LEADER
fixed length control field 00316nam a22001217a 4500
008 - FIXED-LENGTH DATA ELEMENTS--GENERAL INFORMATION
fixed length control field 250218b |||||||| |||| 00| 0 eng d
100 ## - MAIN ENTRY--AUTHOR
Author O' DONNELL, T. Paul
245 ## - TITLE STATEMENT
Title The Selling of Real Estate
260 ## - PUBLICATION, DISTRIBUTION, ETC. (IMPRINT)
Place of publication Philadelphia
Name of publisher W.B Sunders Company
Date of publication 1978
300 ## - COLLATION
Pagination vii, 373p.
942 ## - ADDED ENTRY ELEMENTS (KOHA)
Item type Books
050 ## - LIBRARY OF CONGRESS CALL NUMBER
Classification number HD1375
Item number .O36
Holdings
Source of classification or shelving scheme Not for loan Permanent location Current location Date acquired Accession No. Full call number Barcode. Koha item type
Library of Congress Classification   Samuel Ogbemudia Main Library, University of Abuja Samuel Ogbemudia Main Library, University of Abuja 02/18/2025 91/002966 HD1375.O36 2025-0107 Books